| 000 | 03054nam a2200265 4500 | ||
|---|---|---|---|
| 001 | ESSALUD | ||
| 005 | 20260701103053.0 | ||
| 007 | ta | ||
| 008 | t pe ||||| |||| 00| 0 spa d | ||
| 040 | _aBMG | ||
| 041 | _aspa | ||
| 100 |
_aPineda Aubián, F. Martín _eAutor _947594 |
||
| 245 |
_a¿La nueva Superintendencia de Defensa Pública y acceso a la justicia favorecerá la institucionalización de la conciliación extrajudicial en el Perú? _bBreve análisis al Decreto Legislativo Nº 1703 que crea la Sunadep |
||
| 246 |
_aWill the new Superintendency of Public Defense and Access to Justice foster the institutionalization of out-of-court conciliation in Peru? _bA brief analysis of Legislative Decree No. 1703, establishing SUNADEP |
||
| 300 | _apáginas 193-197 | ||
| 520 | _aMediante el reciente Decreto Legislativo N° 1703 se ha creado la Superintendencia de Defensa Pública y Acceso a la Justicia (Sunadep), entidad que ahora tendrá la conducción de la conciliación extrajudicial, función que durante más de dos décadas desempeñó el Ministerio de Justicia a través de un órgano técnico especializado como lo es la Dirección de Conciliación Extrajudicial y Mecanismos Alternativos de Solución de Conflictos. Sobre el particular, el autor expresa su preocupación de que esta reorganización genere pérdida de especialización, retraso en acreditaciones de conciliadores o debilitamiento del sistema sancionador a los malos operadores de la conciliación, lo cual podría conllevar a una regresión nefasta del sistema conciliatorio en su conjunto, pues advierte que la Sunadep es, en esencia, un organismo ejecutor, no un ente especializado en regulación de medios alternativos de resolución de conflictos. | ||
| 520 | _aThrough the recent Legislative Decree No. 1703, the Superintendency of Public Defense and Access to Justice (SUNADEP) has been established. This entity shall now oversee out-of-court conciliation, a function performed for over two decades by the Ministry of Justice through a specialized technical body: the Directorate of Out-of-Court Conciliation and Afternote Dispute Resolution Mechanisms. Regarding this matter, the author expresses concern that such reorganization may result in o loss of expertise, delays in the accreditation of conciliators, or the weakening of the disciplinary framework applicable to misconduct by practitioners. This could lead to a detrimental regression of the conciliation system as a whole, as the author notes that SUNADEP is essentially on executive agency rother thon a specialized body far the regulation of Alternative Dispute Resolution (ADR). | ||
| 650 |
_aCONCILIACIÓN _910121 |
||
| 650 |
_aMEDIOS ALTERNATIVOS DE RESOLUCIÓN DE CONFLICTOS _952973 |
||
| 650 |
_aSUNADEP _952974 |
||
| 650 |
_aCONCILIATION _952975 |
||
| 650 |
_aALTERNATIVE DISPUTE RESOLUTION _952976 |
||
| 773 | 0 |
_022573 _922620 _dLima Grupo Praxis Formación Profesional, 2026- _oPRA001 _tPraxis Civil & Procesal Civil _wESSALUD _x3119-7671 |
|
| 942 |
_cARTICULOS _e2026-06-30 _zsqb |
||
| 999 |
_c22581 _d22581 |
||